000 00430nam a2200157 i 4500
001 bg
100 1 _aBOBRZYK, Leszek
245 0 _aLaboratorium zabezpieczeń elektroenergetycznych /
_cLeszek Bobrzyk, Marek Szczupak ; pod red. L. Kacejko.
260 _aLublin,
_c1976.
700 1 _aSZCZUPAK, Marek
040 _cBPK
041 _apol
080 _a621.316(075,8)
942 _cKS
008 s pl f |000 0 pol
999 _c27735
_d27735
856 _uhttp://koha.tu.koszalin.pl/cgi-bin/koha/opac-detail.pl?biblionumber=27735
_yKatalog online BPK